Hora v moři /
Románový debut, který v roce 2023 získal americkou cenu Locus Awards. Sci-fi thriller, ve kterém dojde k setkání lidstva s novým druhem vysoce inteligentních chobotnic s vlastní kulturou.
Uloženo v:
| Hlavní autor: | |
|---|---|
| Další autoři: | |
| Médium: | E-kniha |
| Jazyk: | Czech |
| Vydáno: |
Brno :
Host,
2024
|
| Vydání: | První vydání |
| Témata: | |
| Tagy: |
Žádné tagy |
| LEADER | 02725nam a2200433 i 4500 | ||
|---|---|---|---|
| 001 | 312367 | ||
| 003 | CZ PrSKC | ||
| 005 | 20260601215721.0 | ||
| 007 | ta | ||
| 008 | 240502s2024 xr a g 000 f cze | ||
| 015 | |a cnb003603745 | ||
| 020 | |a 9788027520411 |q (vázáno) | ||
| 035 | |a (OCoLC)1451768400 | ||
| 040 | |a ABG001 |b cze |d ABA001 |e rda | ||
| 041 | 1 | |a cze |h eng | |
| 072 | 7 | |a 821.111(73)-3 |x Americká próza |2 Konspekt | |
| 080 | |a 821.111(73)-31 |2 MRF | ||
| 080 | |a (0:82-311.9) |2 MRF | ||
| 100 | 1 | |a Nayler, Ray, |d 1976- |7 xx0317050 |4 aut | |
| 240 | 1 | 0 | |a Mountain in the sea. |l Česky |
| 245 | 1 | 0 | |a Hora v moři / |c Ray Nayler ; přeložil Milan Pohl |
| 250 | |a První vydání | ||
| 264 | 1 | |a Brno : |b Host, |c 2024 | |
| 300 | |a 405 stran : |b ilustrace ; |c 21 cm | ||
| 336 | |a text |b txt |2 rdacontent | ||
| 337 | |a bez média |b n |2 rdamedia | ||
| 338 | |a svazek |b nc |2 rdacarrier | ||
| 500 | |a Přeloženo z angličtiny | ||
| 520 | 2 | |a Románový debut, který v roce 2023 získal americkou cenu Locus Awards. Sci-fi thriller, ve kterém dojde k setkání lidstva s novým druhem vysoce inteligentních chobotnic s vlastní kulturou. |b Nadnárodní technologická korporace Dianima uzavírá odlehlé souostroví Con Dao, kde se objevil dosud neznámý a zřejmě vysoce inteligentní druh chobotnic. Bioložka Ha Nguyenová, která se chováním hlavonožců zabývá celý život, nadšeně sáhne po příležitosti je studovat. Vydává se na souostroví a připojí se k týmu Dianimy, tvořenému ostřílenou náčelnicí ostrahy a prvním (a dost možná i posledním) androidem na světě. Chobotnice mohou být klíčem k bezprecedentnímu průlomu v rozvoji mimolidské inteligence. Zatímco se doktorka Nguyenová pokouší s čerstvě objeveným druhem navázat kontakt, síly větší než Dianima se snaží ukořistit hlavonožce pro sebe. Nikdo se však ještě nezeptal na názor samotných chobotnic. Ani na to, co mají v plánu. Nakladatelská anotace. Kráceno. | |
| 655 | 7 | |a americké romány |7 fd131796 |2 czenas | |
| 655 | 7 | |a vědecko-fantastické romány |7 fd133847 |2 czenas | |
| 655 | 9 | |a American fiction |2 eczenas | |
| 655 | 9 | |a science fiction novels |2 eczenas | |
| 700 | 1 | |a Pohl, Milan, |d 1982- |7 xx0064353 |4 trl | |
| 900 | |a ABA001 |b 20 | ||
| 044 | |a xr | ||
| 910 | |a RBIT002 | ||
| 998 | |d 403927 |a https://core.palmknihy.cz/api/books/403927/cover?scp8ki |b https://core.palmknihy.cz/api/books/403927/cover/400?scp8ki |c https://core.palmknihy.cz/api/books/403927/cover/50?scp8ki |e 2028-11-28 |g 408 |i 9788027520411 |j https://core.palmknihy.cz/api/books/403927/preview.epub |k https://core.palmknihy.cz/api/books/403927/preview.pdf |l |q 49 |r 1 |s https://www.palmknihy.cz/kniha/403927 |t ebook |y 2024 |z 0 | ||
| 999 | |d 312365 | ||